Safe from the start : (Record no. 185812)
[ view plain ]
| 000 -LEADER | |
|---|---|
| fixed length control field | 01131 a2200229 4500 |
| 003 - CONTROL NUMBER IDENTIFIER | |
| control field | Nust |
| 005 - DATE AND TIME OF LATEST TRANSACTION | |
| control field | 20230104114158.0 |
| 010 ## - LIBRARY OF CONGRESS CONTROL NUMBER | |
| LC control number | 89039854 |
| 020 ## - INTERNATIONAL STANDARD BOOK NUMBER | |
| International Standard Book Number | 0816022399 (alk. paper) |
| 040 ## - CATALOGING SOURCE | |
| Transcribing agency | Nust |
| 082 00 - DEWEY DECIMAL CLASSIFICATION NUMBER | |
| Classification number | 649.1,COL |
| 100 1# - MAIN ENTRY--PERSONAL NAME | |
| Personal name | Cole, Joanna. |
| 9 (RLIN) | 106744 |
| 245 10 - TITLE STATEMENT | |
| Title | Safe from the start : |
| Remainder of title | your child's safety from birth to age five / |
| Statement of responsibility, etc. | Joanna Cole and Stephanie Calmenson ; drawings by Lauren Jarrett. |
| 260 ## - PUBLICATION, DISTRIBUTION, ETC. | |
| Place of publication, distribution, etc. | New York : |
| Name of publisher, distributor, etc. | Facts on File, |
| Date of publication, distribution, etc. | c1989. |
| 300 ## - PHYSICAL DESCRIPTION | |
| Extent | xvi, 204 p. : |
| Other physical details | ill. ; |
| Dimensions | 24 cm. |
| 505 ## - FORMATTED CONTENTS NOTE | |
| Formatted contents note | Your Baby (Page-1), Your Toddler and Preschooler (Page-59), Preventing Accidental Poisonings (Page-80), Electrical Safety (Page-90), Fire and Burn Prevention (Page-96), Safety at Play (Page-111), Car Safety (Page-143), Water Safety (Page-158), Choosing Child Care (Page-167), Protecting your Child From Abduction (Page-174), Safety Checklists (Page-184), For Further Reading (Page-191). |
| 650 #0 - SUBJECT ADDED ENTRY--TOPICAL TERM | |
| Topical term or geographic name entry element | Children's accidents |
| General subdivision | Prevention. |
| 9 (RLIN) | 106745 |
| 650 #0 - SUBJECT ADDED ENTRY--TOPICAL TERM | |
| Topical term or geographic name entry element | Home accidents |
| General subdivision | Prevention. |
| 9 (RLIN) | 106746 |
| 700 1# - ADDED ENTRY--PERSONAL NAME | |
| Personal name | Calmenson, Stephanie. |
| 9 (RLIN) | 106747 |
| 700 1# - ADDED ENTRY--PERSONAL NAME | |
| Personal name | Jarrett, Lauren. |
| 9 (RLIN) | 106748 |
| 942 ## - ADDED ENTRY ELEMENTS (KOHA) | |
| Source of classification or shelving scheme | |
| Koha item type | Book |
| Withdrawn status | Lost status | Source of classification or shelving scheme | Damaged status | Not for loan | Permanent Location | Current Location | Shelving location | Date acquired | Full call number | Barcode | Date last seen | Price effective from | Koha item type | Public note |
|---|---|---|---|---|---|---|---|---|---|---|---|---|---|---|
| Military College of Signals (MCS) | Military College of Signals (MCS) | General Stacks | 12/12/2016 | 649.1,COL | MCS21416 | 12/08/2016 | 12/12/2016 | Book | Almirah No.42, Shelf No.2 |
